000 01223nam0a2200289 4500
001 RU\NLR\b_ik\151252
005 20260408165640.0
035 _a(NLR Aleph) 002224322
090 _a3341565
_c3341565
100 _a20060918d2006 k y0rusy50 ca
101 0 _aeng
102 _aRU
105 _aa |||||||||
200 1 _aThe quantum number color, colored quarks and QCD
_e(Dedicated to the 40th Anniversary of the discovery of the quantum number color)
_fV.A. Matveev, A.N. Tavkhelidze
210 _aДубна
_cИзд. отд. Объед. ин-та ядер. исслед.
_d2006
215 _a8, [1] с.
_cил.
_d21
225 1 _aОбъединенный институт ядерных исследований
_vЕ2-2006-17
606 1 _aКвантовая хромодинамика
_9912362
_3RU\NLR\AUTH\6613752
606 _aКварки (физ.) цветовые
_3RU\NLR\AUTH\66531691
_91287330
686 4 _aВ382.145
700 1 _aMatveev
_bV. A.
_gViktor Anatol'evič
_4070
701 1 _aTavkelidze
_bA. N.
_4070
801 0 _aRU
_bNLR
_c20060918
_gPSBO
830 _aЦветовые кварки и КХД
942 _cBOOK
980 _aNB